| 000 | 00910cam a2200241 4500 | ||
|---|---|---|---|
| 001 | ABS67729 | ||
| 008 | 040407n2003 000 0 eng u | ||
| 035 | _a(Sirsi) u125787 | ||
| 100 | _aMacMillan, R. | ||
| 245 | _aNew concepts in ecological modelling | ||
| 260 | _c2003 | ||
| 490 |
_aGeo Informatics _v7(2) March 2004, 46-49(3) |
||
| 520 | _aDescribes new IT tools that not only have a wide application in soil science or forestry but also across a wide range of disciplines. Designed to give a wider picture, these tools can be used to produce detailed soil capability maps for precision farming or environmental risk maps for environmental impact assessments. | ||
| 590 | _aABS | ||
| 590 | _aABS | ||
| 650 | _aMAPPING | ||
| 650 | _aENVIRONMENTAL IMPACT ASSESSMENTS | ||
| 650 | _aENVIRONMENTAL RISK | ||
| 650 | _aFARMING | ||
| 650 | _aMODELLING | ||
| 690 |
_aGEOMATICS _96242 |
||
| 942 | _n0 | ||
| 999 |
_c117183 _d117183 |
||